000 00583cam a22002053a 4500
001 40052
003 PGUSA
005 20140828083907.0
008 120621s2012||||xxu|||||s|||||000 | eng d
040 _aPGUSA
_beng
042 _adc
100 1 _aKarr, Alphonse,
_d1809-1890
245 1 0 _aLes guêpes ­— séries 1 and 2
_h[electronic resource] /
_cAlphonse Karr
260 _bProject Gutenberg,
_c2012
506 _aPublic domain in the USA.
516 _aElectronic text
830 0 _aProject Gutenberg
_v40052
856 4 0 _uhttp://www.gutenberg.org/ebooks/40052
942 _cEB
999 _c269305
_d269305